000 01129nam a22002657a 4500
003 BD-DhSAU
005 20220803161836.0
008 220425b2020 bg bad|| |||| 000 0 eng d
040 _aBD-DhSAU
082 _222
_a631.4
_bK5271
100 _aKhan, Md. Tanjilur Rahman
_eRegistration # 18-09290
245 _aImprovement of tomato (Lycopersicon esculentum) yield and soil properties by using chitosan raw material powder /
_bMS thesis
_cMd. Tanjilur Rahman Khan
260 _aSher-e-Bangla Agricultural Uniersity :
_bDepartment of Soil Science ;
_cDecember, 2020
300 _ax, 66 p. :
_bill. , charts, maps ;
_c30 cm.
500 _aMS thesis Department of Soil Science, Faculty of Agriculture, Sher-e-Bangla Agricultural University, Dhaka, Bangladesh
590 _akobir
650 _aSoil Science
650 _aTomato
650 _aLycopersicon esculentum
650 _aChitosan raw material powder
700 _aIssak, Mohammad
_eSupervisor
700 _aKhan, Md. Asaduzzaman
_eCo-Supervisor
856 _yOnline Access
_uhttp://archive.saulibrary.edu.bd:8080/xmlui/handle/123456789/3890
942 _2ddc
_cTHESIS
999 _c15912
_d15911